000 00473nam a2200181Ia 4500
001 21426
005 20260306172918.0
008 260306t2002||||xx |||||||||||||| ||spa||
041 _aESP
082 _a345
_bB26
100 _aCherif Bassiouni, M.
_eAUT
245 0 _aLa Corte Penal Internacional (CPI):
_btexto integrado del estatuto de Roma
260 _c2002
300 _avi, 492 páginas :
_c24 cm.
650 _aGEN
654 _aCDE
942 _cLIB
_dJUS
_fJUS
_2ddc
_n
999 _c21426
_d21426